Catálogo del archivo de Mojos y Chiquitos. (Record no. 43303)

MARC details
000 -LEADER
campo de control de longitud fija 00499nam a2200181 i 4500
001 - NÚMERO DE CONTROL
campo de control 43303
003 - IDENTIFICADOR DE NÚMERO DE CONTROL
campo de control ES-MaACL
005 - FECHA Y HORA DE LA ÚLTIMA TRANSACCIÓN
campo de control 20230906160752.0
007 - CAMPO FIJO DE DESCRIPCIÓN FÍSICA--INFORMACIÓN GENERAL
campo de control de longitud fija t|
008 - DATOS DE LONGITUD FIJA--INFORMACIÓN GENERAL
campo de control de longitud fija 030317s1888 cl ||||1| spa d
245 00 - MENCIÓN DEL TÍTULO
Título Catálogo del archivo de Mojos y Chiquitos.
260 ## - PUBLICACIÓN, DISTRIBUCIÓN, ETC.
Lugar de publicación, distribución, etc. Santiago de Chile :
Nombre del editor, distribuidor, etc. [s.n.],
Fecha de publicación, distribución, etc. 1888 (
Fabricante Gutenberg)
300 ## - DESCRIPCIÓN FÍSICA
Extensión 628 p. ;
Dimensiones 25 cm.
490 1# - MENCIÓN DE SERIE
Mención de serie Biblioteca Boliviana
830 0# - PUNTO DE ACCESO ADICIONAL DE SERIE-TÍTULO UNIFORME
Título uniforme Biblioteca Boliviana
9 (RLIN) 229866
852 ## - LOCALIZACIÓN
Ubicación ES-MaACL
Número de control de estantería F-10648
Holdings
Estatus retirado Estado de pérdida Estado de daño No para préstamo Colección Biblioteca de origen Biblioteca actual Ubicación en estantería Fecha de adquisición Fuente de adquisición Total de préstamos Signatura topográfica completa Código de barras Visto por última vez Precio de reemplazo Tipo de ítem Koha
        Libros del s. XIX Biblioteca del Ateneo de Madrid Biblioteca del Ateneo de Madrid Sala Pecera Planta 2 17/01/2008     F-10648 1045586 23/02/2023 23/02/2023 Libro impreso antiguo